Statistical method in biological assay
I tiakina i:
| Kaituhi matua: | |
|---|---|
| Hōputu: | Pukapuka |
| Reo: | Ingarihi |
| I whakaputaina: |
Londres
Charles Griffin
1964
|
| Putanga: | 2a. ed |
| Ngā marau: | |
| Ngā Tūtohu: |
Tāpirihia he Tūtohu
Kāore He Tūtohu, Me noho koe te mea tuatahi ki te tūtohu i tēnei pūkete!
|
MARC
| LEADER | 00000nam a2200000 a 4500 | ||
|---|---|---|---|
| 001 | UCY3279 | ||
| 003 | CL-VaPUC | ||
| 008 | 941220e19640000UK |||||||||||||||||eng|d | ||
| 082 | 0 | 4 | |a 570.15195 |b FIN |2 21 |
| 100 | 0 | |a Finney, David John |e author |9 331550 | |
| 245 | 1 | 0 | |a Statistical method in biological assay |
| 250 | |a 2a. ed | ||
| 300 | |a 668 p | ||
| 942 | |c BK | ||
| 945 | |d 19941220 00:00:00 |a mfernand | ||
| 260 | |a Londres |b Charles Griffin |c 1964 | ||
| 650 | 7 | |a BIOLOGIA METODOS ESTADISTICOS |2 CL-VaPUC |9 331551 | |
| 583 | |a last modification |c 19941220 00:00:00 |k Rodrigo Vera | ||
| 999 | |c 231465 |d 231463 | ||
| 952 | |0 0 |1 0 |4 0 |6 570_151950000000000_FIN_1964 |7 0 |8 CCM |9 234752 |a BIBCUR |b BIBCUR |d 2019-11-15 |i 3044556 |o 570.15195 FIN 1964 |p 3044556 |r 2025-04-22 |w 2019-11-15 |y BK |k CIM | ||